|
|
|
|
| LEADER |
00000cam a22000007a 4500 |
| 001 |
5298 |
| 003 |
CZ-ZlUTB |
| 005 |
20190825231920.0 |
| 008 |
020313s2001 xr |||||r|||||||||||cze|d |
| 020 |
|
|
|a 8070828315
|q (brož.)
|
| 040 |
|
|
|a ABA001
|b cze
|c ABA001
|d ZLD002
|
| 080 |
|
|
|a (031)
|2 v
|
| 080 |
|
|
|a 620.2
|2 v
|
| 080 |
|
|
|a 669.01
|2 v
|
| 080 |
|
|
|a 81'373.46
|2 v
|
| 100 |
1 |
|
|a Skálová, Jana
|7 xx0000932
|4 aut
|
| 245 |
1 |
0 |
|a Fyzikálně metalurgický slovník /
|c Jana Skálová
|
| 250 |
|
|
|a 1. vyd.
|
| 260 |
|
|
|a Plzeň :
|b Západočeská univerzita, Katedra materiálu a strojírenské metalurgie,
|c 2001
|
| 300 |
|
|
|a 88 s. ;
|c 20 cm
|
| 500 |
|
|
|a 300 výt
|
| 500 |
|
|
|a Určeno pro studenty FST a FAV
|
| 504 |
|
|
|a Obsahuje bibliografii
|
| 650 |
0 |
7 |
|a materiály
|7 ph115242
|2 czenas
|
| 650 |
0 |
4 |
|a Metalurgie
|
| 650 |
0 |
7 |
|a pevné látky
|7 ph124066
|2 czenas
|
| 655 |
|
4 |
|a slovníky výkladové
|
| 910 |
|
|
|a ZLD002
|
| 952 |
|
|
|0 0
|1 0
|4 0
|6 669SKÁLOVÁJ
|7 0
|8 BOOK
|9 8753
|a UTBZL
|b UTBZL
|c 005
|d 2006-07-29
|l 0
|o 669/SKÁLOVÁ,J.
|p 420010083787
|r 2019-08-25 00:00:00
|v 48.00
|w 2019-08-25
|x N:nákup | 20100831
|y 01
|
| 952 |
|
|
|0 0
|1 0
|4 0
|6 669SKÁLOVÁJ
|7 0
|8 BOOK
|9 8754
|a UTBZL
|b UTBZL
|c 006
|d 2006-07-29
|l 6
|m 10
|o 669/SKÁLOVÁ,J.
|p 420010083788
|r 2024-04-04 00:00:00
|s 2024-01-04
|v 48.00
|w 2019-08-25
|x N:nákup | 20100831
|y 04
|
| 992 |
|
|
|a BK
|b SK
|d 3
|
| 999 |
|
|
|c 5298
|d 5298
|